Microelectronics : (Record no. 1951)

MARC details
000 -LEADER
fixed length control field 01283nac a22002891u 4500
010 ## - LIBRARY OF CONGRESS CONTROL NUMBER
LC control number 2005052255
020 ## - INTERNATIONAL STANDARD BOOK NUMBER
International Standard Book Number 007252362X
020 ## - INTERNATIONAL STANDARD BOOK NUMBER
International Standard Book Number 9780072523621
035 ## - SYSTEM CONTROL NUMBER
System control number (OCoLC)ocm61204473
082 00 - DEWEY DECIMAL CLASSIFICATION NUMBER
Classification number 621.3815
Item number N348
090 ## - LOCALLY ASSIGNED LC-TYPE CALL NUMBER (OCLC); LOCAL CALL NUMBER (OCLC)
-- 1951
-- 1951
100 ## - MAIN ENTRY--PERSONAL NAME
Personal name Neamen, Donald A.
245 10 - TITLE STATEMENT
Title Microelectronics :
Remainder of title circuit analysis and design /
Statement of responsibility, etc Donald A. Neamen.
246 30 - VARYING FORM OF TITLE
Title proper/short title Circuit analysis and design
250 ## - EDITION STATEMENT
Edition statement 3rd ed.
260 ## - PUBLICATION, DISTRIBUTION, ETC. (IMPRINT)
Place of publication, distribution, etc New York :
Name of publisher, distributor, etc McGraw-Hill,2007
Date of publication, distribution, etc 2007.
300 ## - PHYSICAL DESCRIPTION
Extent xxi, 1370 p. :
Other physical details ill. ;
Dimensions 27 cm.
500 ## - GENERAL NOTE
General note Rev. ed. of: Electronic circuit analysis and design / Donald A. Neamen. 2001.
504 ## - BIBLIOGRAPHY, ETC. NOTE
Bibliography, etc Includes bibliographical references (p. 1335-1338) and index.
650 #0 - SUBJECT ADDED ENTRY--TOPICAL TERM
Topical term or geographic name as entry element Electronic circuit design.
650 #0 - SUBJECT ADDED ENTRY--TOPICAL TERM
Topical term or geographic name as entry element Semiconductors
General subdivision Design and construction.
650 #0 - SUBJECT ADDED ENTRY--TOPICAL TERM
Topical term or geographic name as entry element Electronic circuit design.
856 42 - ELECTRONIC LOCATION AND ACCESS
Materials specified Publisher description
Uniform Resource Identifier <a href="http://www.loc.gov/catdir/enhancements/fy0668/2005052255-d.html">http://www.loc.gov/catdir/enhancements/fy0668/2005052255-d.html</a>
856 42 - ELECTRONIC LOCATION AND ACCESS
Materials specified Table of contents only
Uniform Resource Identifier <a href="http://www.loc.gov/catdir/enhancements/fy0668/2005052255-t.html">http://www.loc.gov/catdir/enhancements/fy0668/2005052255-t.html</a>
942 ## - ADDED ENTRY ELEMENTS (KOHA)
Item type Book - Borrowing
Call number prefix 621.3815
Holdings
Withdrawn status Item status Source of classification or shelving scheme Damaged status Not for loan Vendor Home library Current library Shelving location Date acquired Source of acquisition Cost, normal purchase price Total Checkouts Total Renewals Full call number Barcode Date last seen Date last borrowed Cost, replacement price Koha item type
    Dewey Decimal Classification       Central Library Central Library First floor 05/02/2007   357.00 9 35 621.3815 NEA 000002324 15/07/2025 08/02/2020 357.00 Book - Borrowing
            Central Library Central Library First floor 05/02/2007 Purchase   3   621.3815 NEA 000001741 15/07/2025 31/01/2010   NB - Book (Non borrowing)